| 000 -CABECERA |
| Longitud fija campo de control |
00680nam a2200205 a 4500 |
| 003 - IDENTIFICADOR DEL NÚMERO DE CONTROL |
| Identificador del número de control |
OSt |
| 005 - FECHA Y HORA DE LA ÚLTIMA TRANSACCIÓN |
| Fecha y hora de la última transacción |
20211117122620.0 |
| 008 - CÓDIGOS DE INFORMACIÓN DE LONGITUD FIJA |
| Códigos de información de longitud fija |
961113s1996 spco || o000 |bcat| |
| 017 ## - NÚMERO DE COPYRIGHT O DE DEPÓSITO LEGAL |
| Número de copyright o de depósito legal |
DL B. 14230-1996 |
| 020 ## - NÚMERO INTERNACIONAL NORMALIZADO PARA LIBROS |
| Número Internacional Normalizado para Libros (ISBN) |
848939301X |
| 040 ## - FUENTE DE LA CATALOGACIÓN |
| Centro catalogador de origen |
CDMR |
| Centro transcriptor |
0 |
| 080 ## - NÚMERO DE LA CLASIFICACIÓN DECIMAL UNIVERSAL |
| Número de la Clasificación Decimal Universal |
929Fontbernat, Josep |
| 100 1# - PUNTO DE ACCESO PRINCIPAL-NOMBRE DE PERSONA |
| Nombre de persona |
Casademont, Emili |
| 9 (RLIN) |
1380 |
| 245 12 - MENCIÓN DE TÍTULO |
| Título |
L'Home d'"Els cent homes" : |
| Resto del título |
aproximació a la vida i obra de Josep Fontbernat / |
| Mención de responsabilidad, etc. |
Emili Casademont i Comas |
| 260 ## - PUBLICACIÓN, DISTRIBUCIÓN, ETC. (PIE DE IMPRENTA) |
| Lugar de publicación, distribución, etc. |
Bescanó : |
| Nombre del editor, distribuidor, etc. |
l'Ajuntament ; |
| Lugar de publicación, distribución, etc. |
Anglès : |
| Nombre del editor, distribuidor, etc. |
l'Ajuntament, |
| Fecha de publicación, distribución, etc. |
1996 |
| 300 ## - DESCRIPCIÓN FÍSICA |
| Extensión |
218 p. : |
| Otras características físicas |
il. ; |
| Dimensiones |
22 cm |
| 600 #0 - PUNTO DE ACCESO ADICIONAL DE MATERIA - NOMBRE DE PERSONA |
| Nombre de persona |
Fontbernat, Josep |
| 9 (RLIN) |
4706 |
| 650 00 - PUNTO DE ACCESO ADICIONAL DE MATERIA - TÉRMINO DE MATERIA |
| Término de materia o nombre geográfico como elemento inicial |
Radiodifusió |
| Subdivisión geográfica |
Catalunya |
| Subdivisión de materia general |
Biografies |
| 9 (RLIN) |
3105 |
| 942 ## - ENTRADA DE ELEMENTOS AGREGADOS (KOHA) |
| Fuente de clasificaión o esquema |
|
| Koha [por defecto] tipo de item |
Monografies |